The art and archaeology of the Moche (Record no. 21788)
[ view plain ]
| 000 -LEADER | |
|---|---|
| fixed length control field | 01815nam a2200373Ia 4500 |
| 245 14 - TITLE STATEMENT | |
| Title | The art and archaeology of the Moche |
| 250 ## - EDITION STATEMENT | |
| Edition statement | 1st ed. |
| 260 ## - PUBLICATION, DISTRIBUTION, ETC. (IMPRINT) | |
| Place of publication | Austin : |
| Name of publisher | University of Texas Press, |
| Year of publication | 2008. |
| 300 ## - PHYSICAL DESCRIPTION | |
| Number of Pages | xiii, 291 p., [8] p. of plates : |
| Other physical details | ill. (some col.), maps. |
| 500 ## - GENERAL NOTE | |
| General note | Papers originally presented at the Fourth D.J. Sibley Family Conference held at the Department of Art and Art History at the University of Texas at Austin in November 2003. |
| 650 #0 - SUBJECT ADDED ENTRY--TOPICAL TERM | |
| Topical Term | Mochica Indians |
| Topical Term | Mochica art |
| Topical Term | Excavations (Archaeology) |
| 700 1# - ADDED ENTRY--PERSONAL NAME | |
| Personal name | Bourget, Steve, |
| Personal name | Jones, Kimberly L., |
| 856 40 - ELECTRONIC LOCATION AND ACCESS | |
| Uniform Resource Identifier | http://site.ebrary.com/lib/rucke/Doc?id=10273659 |
No items available.
